Amor i sexualitat : com neix un nen / Marissi Valverde com neix un nen / Marissi Valverde
Publicado:
Barcelona :
Graó : Servei d' Ensenyament i Investigació de la Diputació de Barcelona ,
1988
Descripción Física:
63 p. : il. ; 20 x 21 cm
Colección:
Biblioteca de la classe ; 30
MARC
| LEADER | 00000nam a2200000Ia 4500 | ||
|---|---|---|---|
| 001 | 8105 | ||
| 008 | 160829s1988 xx 000 0 cat d | ||
| 080 | |a C-1-587 | ||
| 100 | |a Valverde, Marissi |9 30845 | ||
| 245 | |a Amor i sexualitat : |b com neix un nen / Marissi Valverde | ||
| 260 | |a Barcelona : |b Graó : |b Servei d' Ensenyament i Investigació de la Diputació de Barcelona, |c 1988 | ||
| 300 | |a 63 p. : |b il. ; |c 20 x 21 cm | ||
| 490 | |a Biblioteca de la classe ; 30 | ||
| 650 | |a Sexologia |9 30846 | ||
| 650 | 0 | |a Educació sexual |9 22139 | |
| 710 | 1 | |a Barcelona (Catalunya : Província). |b Servei d'Ensenyament i Investigació |9 54366 | |
| 901 | |a Arxiu | ||
| 942 | |n 1 | ||
| 952 | |0 0 |1 0 |4 0 |6 C1587 |7 1 |9 45544 |a Arxiu |b Arxiu |d 2016-12-01 |l 0 |o C-1-587 |p 8105 |r 2016-12-01 00:00:00 |w 2016-12-01 |y ARXIU | ||
| 999 | |c 48712 |d 48712 | ||